00924 2200313 4500001002100000005001500021035002000036007000300056008004100059020002200100040002200122082001400144084001600158090002200174100002500196245008400221300002900305850001200334504003300346264004100379336002100420337003000441338002300471999002200494250003500516650001500551990002200566990002200588INLIS00000000088780720240624022246 a0010-0624000709ta240621s2022 yoia g ind d a978-623-236-334-2 aYOPDYOGbInderda04223a307.1 a307.1 SUB d aCB-D.11 2022-49410 aSubiyantoePengarang10aDimensi-dimensi pendidikan dalam keluarga, sekolah, dan masyarakat /cSubiyanto aix, 274 halaman ;c24 cm aYOPDYOG aBibliografi: halaman 250-25531aYogyakarta :bPustaka Pelajar,c2022 2rdacontentateks 2rdamediaatanpa perantara 2rdacarrieravolume aCB-D.11/2022-4941 aCetakan pertama: Desember 2022 4aPendidikan aCB.D.11/2022-4941 aCB-D.11/2022-4941